Last 10 World Champions by Sport - Statistics

General Stats
  • This quiz has been taken 79 times
  • The average score is 89 of 100
Answer Stats
Hint Answer % Correct
1986 | 2022 Argentina
98%
1994 | 2002 | 2006 | 2010 Brazil
97%
1990 | 2002 | 2006 | +2 others Germany
97%
2006 | 2010 | 2017 | +2 others Spain
97%
1986 | 1994 | 2010 | +9 others United States
97%
1986 | 1987 | 1991 | +10 others Australia
95%
1998 | 2018 France
95%
1990 | 1994 | 1998 | +2 others Italy
95%
2015 | 2016 | 2021 | 2023 Canada
94%
2011 India
94%
1987 | 2003 | 2011 | +2 others New Zealand
92%
2014 Russia
91%
2017 | 2018 Sweden
86%
1990 | 1998 Netherlands
83%
2003 | 2019 England
82%
2019 | 2022 Finland
82%
2014 | 2015 | 2018 | +3 others Serbia
82%
2016 United Kingdom
82%
1995 | 2007 | 2019 | 2023 South Africa
80%
2018 Belgium
74%
1992 | 1994 Pakistan
74%
2024 Czechia
64%
2014 | 2018 Poland
58%
1996 Sri Lanka
53%
1990 | 1998 | 2002 Yugoslavia
36%
No matching quizzes found
Score Distribution
Percent of People with Each Score
Percentile by Number Answered
Your Score History
You have not taken this quiz